Normal view
MARC view
Entry Personal Name
001 - CONTROL NUMBER
- control field: 17731
003 - CONTROL NUMBER IDENTIFIER
- control field: OSt
005 - DATE AND TIME OF LATEST TRANSACTION
- control field: 20200916125415.0
008 - FIXED-LENGTH DATA ELEMENTS
- fixed length control field: 200916|| aca||aabn | a|a d
040 ## - CATALOGING SOURCE
- Original cataloging agency: OSt
- Transcribing agency: OSt
100 ## - HEADING--PERSONAL NAME
- Personal name: McCall, V., Satsangi, M., and Greasley-Adams, C.
670 ## - SOURCE DATA FOUND
- Source citation: Work cat.: (OSt): McCall, V., Satsangi, M., and Greasley-Adams, C., The legacy of the right to buy and the differentiation of older home owners
